| 000 | nam a22 a 4500 | ||
|---|---|---|---|
| 999 |
_c4454 _d4454 |
||
| 003 | BLK | ||
| 005 | 20230324120046.0 | ||
| 008 | 180412b bul|||||r ||||||| ||bul|| | ||
| 010 | _aKNG00005597000 | ||
| 040 | _aBLK | ||
| 041 |
_aBUL _cBUL |
||
| 080 |
_aАмериканска литература (на САЩ) _b821.111(73) _x-312.9 _z821.111(73)-312.9 |
||
| 100 | 1 |
_aБрукс, Тери _eпърви автор _9245337 |
|
| 139 |
_aБрукс, Тери _bБ 82 |
||
| 245 | 1 | 0 |
_aЕлфите на Шанара _bФантаст. роман : Т. 1 - 2 _cТери Брукс; прев. от англ. Григор Попхристов. _nТ. 2 |
| 257 | _aUSA | ||
| 260 |
_aСофия _bАтлантис _c1994 - _fВраца : Полипринт |
||
| 300 | _c20 см | ||
| 380 | _aX | ||
| 500 | _aОриг. загл. The elf queen of Shanara / Terry Brooks. - Офс. изд. - Романът е кн. 3 на четирилогията Наследството на Шанара и продължение на Друидите на Шанара. | ||
| 653 | _aфантастика | ||
| 653 | _aромани | ||
| 700 | 1 |
_aПопхристов, Григор _eпрев. от англ. _9242600 |
|
| 760 | 1 |
_aБрукс, Тери _h308 с. _tТ. 2 |
|
| 852 |
_aЦб 171269 _bЦб |
||
| 856 | 4 |
_qpdf _u _i0.00 _ldisable |
|
| 856 | 4 |
_qpdf _u _i0.00 _ldisable |
|
| 942 |
_cKNG _n0 _01 _s1 |
||
| 944 |
_aCR _c15.01.2003 _kЛюдмила_Стоянова |
||
| 944 |
_aED _c26.07.2006 |
||
| 999 | _d4454 | ||